<?xml version="1.0" encoding="UTF-8"?>
<collection xmlns="http://www.loc.gov/MARC21/slim">
  <record>
    <leader>00000nam  2200000   4500</leader>
    <controlfield tag="001">INLIS000000000003182</controlfield>
    <controlfield tag="005">20190711111613</controlfield>
    <datafield tag="035" ind1="#" ind2="#">
      <subfield code="a">0010-0718003182</subfield>
    </datafield>
    <controlfield tag="008">190711################g##########0#ind##</controlfield>
    <datafield tag="041" ind1=" " ind2=" ">
      <subfield code="a">id</subfield>
    </datafield>
    <datafield tag="082" ind1="#" ind2="#">
      <subfield code="a">158.1</subfield>
    </datafield>
    <datafield tag="090" ind1=" " ind2=" ">
      <subfield code="a">158.1 Cas b</subfield>
    </datafield>
    <datafield tag="100" ind1=" " ind2="#">
      <subfield code="a">Casson, Herbert N.</subfield>
    </datafield>
    <datafield tag="245" ind1="1" ind2="#">
      <subfield code="a">Bekal Untuk Mencapai Kedudukan yang Lebih Tinggi /</subfield>
      <subfield code="c">Herbert N. Casson</subfield>
    </datafield>
    <datafield tag="250" ind1="#" ind2="#">
      <subfield code="a">Ed. 1</subfield>
    </datafield>
    <datafield tag="260" ind1="#" ind2="#">
      <subfield code="a">Jakarta :</subfield>
      <subfield code="b">Penerbit Lancar,</subfield>
      <subfield code="c">1979</subfield>
    </datafield>
    <datafield tag="300" ind1="#" ind2="#">
      <subfield code="a">128 hlm. ;</subfield>
      <subfield code="c">21 cm</subfield>
    </datafield>
    <datafield tag="650" ind1=" " ind2="#">
      <subfield code="a">Kedudukan</subfield>
    </datafield>
    <datafield tag="084" ind1="#" ind2="#">
      <subfield code="a">158.1 Cas b</subfield>
    </datafield>
    <datafield tag="856" ind1="#" ind2="#">
      <subfield code="a">Perpustakaan Lembaga Administrasi Negara</subfield>
    </datafield>
    <datafield tag="520" ind1="#" ind2="#">
      <subfield code="a">Buku ini ditullis bagi orng-orang muda, yakni mereka yang hendak memulai terjun kedalam dunia masyarakat. Memuat humbauan-himbauan yang kiranya perlu bagi pemuda-pemuda harapan yang menginginkan kemajuan. Tidak ada teori-teori yang muluk, tetapi hanya menunjukkan kemungkinan-kemungkinan yang terpendam pada akhlak tiap-tiap manusia, sehingga apabila kita insyaf apa yang kita miliki itu maka kepercayaan akan kesanggupan dan kekuatan kita sendiri akan timbul. Berkenaan dengan ini, maka bagi mereka yang penuh dengan cita-cita dapat mempergunakan segala apa yang ada pada dirinya itu untuk mencapai cita-citanya. Jika seorang pemuda tidak berani dan tidak sanggup bekerja untuk kemajuannya, tak ada orang lain yang akan memajukannya. Sebenarnya kesempatan-kesempatan selalu ada untuk memperlihatkan kecakapan-kecakapan itu, pekerjaan itulah kesempatan kita. Tidak peduli betapa kecil juga pekerjaan itu tetapi selalu menghendaki ketekunan. Senantiasa ada jalan yang baik, yakni tingkat pertama dari tangga yang tinggi, inilah ujian, apakah kita sekiranya cukup untuk mengerjakan hal-hal yang lebih tinggi, bawalah bekal ini...</subfield>
    </datafield>
    <datafield tag="990" ind1="#" ind2="#">
      <subfield code="a">18209</subfield>
    </datafield>
  </record>
</collection>
